000
00227nam a2200085Ia 4500
245
0
_a
Familiar rooms in darkness
100
_a
FRASER, Caro London, 2003
_9
95718
942
_c
BK
008
210817s9999 xx 000 0 und d
999
_c
399242
_d
399241